| 000 | 00823cab a2200217 4500 | ||
|---|---|---|---|
| 001 | E2717 | ||
| 008 | 090401t1995 xxu||||| |||| 00| 0 eng d | ||
| 035 | _a(Sirsi) u40615 | ||
| 041 | _aeng | ||
| 245 | _aFraser v MacKintosh | ||
| 260 | _c1995 | ||
| 350 | _a0 | ||
| 490 |
_aSLC _v1996 R 91-98(8) |
||
| 520 | _aFull Court. Lord Philip, D M Macdonald, J Kinloch. Application Ross RN 471 - order of 7 July 1995. Croft - acquisition by crofter - objection by landlord - substantial degree of hardship - emotional hardship - objection by landlord upheld by divisional court - appeal by crofter sustained by full court. | ||
| 650 | _aCROFTERS (SCOTLAND) ACT 1993 | ||
| 650 | _aSCOTTISH LAND COURT | ||
| 650 | _aSLC | ||
| 690 | _aLANDLORD AND TENANT-CASE LAW-AGRICULTURAL TENANCIES | ||
| 942 | _n0 | ||
| 948 | _c04/03/1997 | ||
| 999 |
_c26025 _d26025 |
||